MARC

LEADER 00000nam0a2200000 4500
001 332033
005 20231102004421.0
035 |a (RuTPU)RU\TPU\book\357932 
090 |a 332033 
100 |a 20170515d1967 km y0rusy50 ca 
101 0 |a rus 
102 |a RU 
105 |a a z 001zy 
200 1 |a Сварка плавлением титана и его сплавов  |f Ф. Е. Третьяков 
210 |a Москва  |c Машиностроение  |d 1967 
215 |a 144 с.  |c ил. 
320 |a Библиогр.: с. 141-143 
606 1 |a Титан  |x Электросварка  |2 stltpush  |3 (RuTPU)RU\TPU\subj\60657  |9 77893 
610 1 |a сварка плавлением 
610 1 |a сплавы 
610 1 |a сварные соединения 
610 1 |a дефекты 
610 1 |a свойства 
610 1 |a материалы 
610 1 |a оборудование 
610 1 |a технологические процессы 
610 1 |a контроль качества 
675 |a 669.295:621.79  |v 4 
700 1 |a Третьяков  |b Ф. Е.  |g Федор Емельянович 
801 1 |a RU  |b 63413507  |c 20170515 
801 2 |a RU  |b 63413507  |c 20170516  |g RCR 
942 |c BK